Análisis propuesta viviendas sociales en Nicaragua : base para racionalizar el diseño y la construcción de la vivienda social nicaragüense
El Diseño, es el que aportará el ordenamiento físico a través de la creatividad, debiendo sintetizar múltiples condicionantes y proyectarlas y ordenarlas; proyectando la forma que tomará la vivienda y la ciudad. En el campo de la vivienda social, se deberá buscar como plan inmediato dotar a l...
| Main Author: | |
|---|---|
| Other Authors: | |
| Format: | Tesis Section = Libro |
| Language: | Undetermined Spanish |
| Published: |
Managua
Universidad Nacional Autónoma de Nicaragua (UNAN)
[s.f.]
|
| Subjects: |
| LEADER | 01234nam a2200217Ia 4500 | ||
|---|---|---|---|
| 008 | 240830s9999 xx 000 0 und d | ||
| 040 | |a BIBLIOTECA-RUSB/ Mon 721 D352 | ||
| 041 | |a spa | ||
| 082 | |a Mon 721 D352 | ||
| 100 | 1 | |a Delgado Rodríguez, María Antonieta | |
| 245 | 1 | 0 | |a Análisis propuesta viviendas sociales en Nicaragua : base para racionalizar el diseño y la construcción de la vivienda social nicaragüense |
| 260 | |a Managua |b Universidad Nacional Autónoma de Nicaragua (UNAN) |c [s.f.] | ||
| 300 | |a 76 p. :il. | ||
| 502 | |a Tesis (Arquitecto) - Universidad Nacional Autónoma de Nicaragua (UNAN), [s.f]. | ||
| 520 | 3 | |a El Diseño, es el que aportará el ordenamiento físico a través de la creatividad, debiendo sintetizar múltiples condicionantes y proyectarlas y ordenarlas; proyectando la forma que tomará la vivienda y la ciudad. En el campo de la vivienda social, se deberá buscar como plan inmediato dotar a la vivienda de un mínimo de servicios y luego tratar de integrar a la expectativa de vida el medio físico, ecológico y social. | |
| 650 | 7 | |a construcción ARQUITECTONICA | |
| 650 | 7 | |b VIVIENDA | |
| 700 | 1 | |a Tutor: |b Kuri, Roberto | |
| 942 | |c BK |2 ddc | ||
| 991 | |a TESIS | ||
| 999 | |c 21154 | ||